Baltimore Orioles Players - Sudden Death - Statistics

General Stats
  • This quiz has been taken 67 times
  • The average score is 11 of 15
Answers on the Grid
Answers color-coded by a green-red scale on the quiz's grid according to % correct below.
Adam Jones
Alex Rodriguez
Bobby Grich
Brady Anderson
Brooks Robinson
Bryce Harper
Cal Ripken Jr.
Cal Ripken Sr.
Cedric Mullins
Colton Cowser
Dennis Eckersley
Eddie Murray
Ernie Banks
Ezequiel Duran
George Brett
Jackson Holiday
Jim Palmer
Jose Bautista
Manny Machado
Mike Schmidt
Moises Alou
Noah Syndergaard
Paul Molitor
Rafael Palmeiro
Ryan Howard
Ted Williams
Tony Gwynn
Vladimir Guerrero
Willie McCovey
Willson Contreras
 
Answer Stats
Answer % Correct
Cal Ripken Jr.
95%
Adam Jones
88%
Brooks Robinson
85%
Jim Palmer
83%
Colton Cowser
80%
Eddie Murray
80%
Cedric Mullins
78%
Jackson Holiday
78%
Manny Machado
75%
Cal Ripken Sr.
73%
Brady Anderson
68%
Rafael Palmeiro
58%
Vladimir Guerrero
50%
Jose Bautista
35%
Bobby Grich
33%
No matching quizzes found
Score Distribution
Percent of People with Each Score
Percentile by Number Answered
Your Score History
You have not taken this quiz